000 01373cam a22004454i 4500
003 PE-LiUPU
005 20250731184606.0
008 150616s r 000 0 d
035 _a(Sirsi) a7780
040 _aPE-LiUPU
_bspa
_cPE-LiUPU
_erda
049 _aPRUA
082 0 4 _a956.94
_bC24
_221
100 1 _aCohn, Emil,
_d1881-1948,
_eautor.
245 1 0 _aThis immortal people /
_c[por] Emil Bernhard Cohn.
264 1 _aNew York :
_bBehrman house,
_c1940.
300 _a118 páginas ;
_c23 cm.
336 _atext
_2rdacontent
337 _aunmediated
_2rdamedia
338 _avolume
_2rdacarrier
526 _aP136
526 _aP135
526 _aP134
526 _aP133
526 _aP144
526 _aP143
526 _aP87
526 _aP35
526 _aP20
526 _aP14
526 _aP10
526 _aP06
650 0 4 _aJudíos
_xHistoria.
910 _ajck
_bjvq
_cjck
942 _2ddc
_cBOOK
949 _a956.94 C24
_wDEWEY
_c1
_i37235
_lCCODEBUL1
_mBUL
_p00.00
_r0
_sY
_tBOOK
_u2015-04-23
_xBIBLIOTECA
_zUNKNOWN
_0COMPRA
_o.STAFF. Colección General
994 _aC0
_bPEPRU
596 _a1
999 _a956.94 C24
_wDEWEY
_c59061
_i37235
_f2021-11-12
_g5
_lCCODEBUL1
_mBUL
_r0
_sY
_tBOOK
_u2015-4-23
_xTEOLOGIA
_zUNKNOWN
_0COMPRA
_o.STAFF. Colección General
_d59061
980 _81
_gALBERTO SANCHEZ Responsable de Automatización